Basketball Bundesliga Mannschaften - Statistiken

Allgemein
  • Dieses Quiz wurde 368 mal gespielt
  • Das Durchschnittsergebnis liegt bei 11 aus 18
Antwortstatistiken
Mannschaft % Korrekt
FC Bayern München
98%
ALBA Berlin
97%
Brose Bamberg
74%
Fraport Skyliners
71%
ratiopharm Ulm
70%
Telekom Baskets Bonn
70%
MHP Riesen Ludwigsburg
62%
EWE Baskets Oldenburg
61%
Basketball Löwen Braunschweig
57%
s.Oliver Würzburg
53%
RASTA Vechta
49%
BG Göttingen
48%
medi Bayreuth
48%
Gießen 46ers
47%
HAKRO Merlins Crailsheim
42%
Mitteldeutscher BC
40%
Science City Jena
36%
Eisbären Bremerhaven
35%
Keine übereinstimmenden Quizze gefunden
Verteilung der Resultate
Anzahl Personen mit jedem Resultat
Perzentil nach korrekt beantworteten Fragen
Ihre Resultats-Entwicklung
Sie haben dieses Quiz noch nicht gespielt